000 00605cam a22002053a 4500
001 44750
003 PGUSA
005 20140828084025.0
008 140125s2014||||xxu|||||s|||||000 | eng d
040 _aPGUSA
_beng
042 _adc
100 1 _aWarner, Charles Franklin
245 1 4 _aThe Library of Work and Play :
_bHome Decoration
_h[electronic resource] /
_cCharles Franklin Warner
260 _bProject Gutenberg,
_c2014
506 _aPublic domain in the USA.
516 _aElectronic text
830 0 _aProject Gutenberg
_v44750
856 4 0 _uhttp://www.gutenberg.org/ebooks/44750
942 _cEB
999 _c274001
_d274001